00674nam a2200241 a 4500001001300000003000900013005001700022008004100039020000900080082001900089100001800108245002200126260003700148300000900185500003500194505001500229650001800244700001800262902000800280942000700288952012000295999001700415nice12345678IN_TiNIC20260116015243.0050524s1995 vara grp 000 0 eng  ac3000a294.5924bVIN1 aVinoba, Bhave aTalks on the Gita aVaranasibServe Seva Sanghc1995 a232p aincludes index and biblioraphy2 aAppendices aBhagavad Gita1 aVinoba, Bhave bSRS cBK 001040708StackRoom-aHMIbHMId2007-07-26g30.00l0o294.5924 VIN1p11000519r2007-07-26v30.00w2005-05-24yBK c18936d18936